000 00669nam a2200169 a 4500
005 20210223120406.0
008 991125s1969 mx 000 0 spa u
035 _aUPN01000000070
049 _aSEP
050 4 _aL227 D464
_bI5.9 1969
110 2 _aInstituto Federal de Capacitación del Magisterio (México)
245 1 0 _a25 aniversario /
_cInstituto Federal de Capacitación del Magisterio, Agencia Coordinadora No. 37.
260 _aMazatlán, Sin. :
_bSEP :
_bInstituto Federal de Capacitación del Magisterio,
_c[1969?].
300 _a55 p. :
_bretrs.
610 2 4 _aINSTITUTO FEDERAL DE CAPACITACION DEL MAGISTERIO (MEXICO) -
_xANIVERSARIOS, ETC.
_910666
905 _aLibro
999 _c70
_d70